<?xml version="1.0" encoding="UTF-8"?>
<record
    xmlns:xsi="http://www.w3.org/2001/XMLSchema-instance"
    xsi:schemaLocation="http://www.loc.gov/MARC21/slim http://www.loc.gov/standards/marcxml/schema/MARC21slim.xsd"
    xmlns="http://www.loc.gov/MARC21/slim">

  <leader>00457nam a2200169Ia 4500</leader>
  <controlfield tag="008">230711s9999||||xx |||||||||||||| ||und||</controlfield>
  <datafield tag="020" ind1=" " ind2=" ">
    <subfield code="a">978-93-81141-54-0</subfield>
  </datafield>
  <datafield tag="041" ind1=" " ind2=" ">
    <subfield code="a">ENG</subfield>
  </datafield>
  <datafield tag="082" ind1=" " ind2=" ">
    <subfield code="a">543.62</subfield>
    <subfield code="b">HE-X</subfield>
  </datafield>
  <datafield tag="100" ind1=" " ind2=" ">
    <subfield code="a">Hebbar,K.Ramakanth</subfield>
  </datafield>
  <datafield tag="245" ind1=" " ind2="0">
    <subfield code="a">Basics of X-Ray differaction and its applications</subfield>
  </datafield>
  <datafield tag="250" ind1=" " ind2=" ">
    <subfield code="a">1st Ed.</subfield>
  </datafield>
  <datafield tag="260" ind1=" " ind2=" ">
    <subfield code="c">2015</subfield>
    <subfield code="a">New Delhi</subfield>
    <subfield code="b">I.K.International Publishing House Pvt.Ltd</subfield>
  </datafield>
  <datafield tag="300" ind1=" " ind2=" ">
    <subfield code="a">257p.</subfield>
  </datafield>
  <datafield tag="650" ind1=" " ind2=" ">
    <subfield code="a">Chemistry</subfield>
  </datafield>
  <datafield tag="942" ind1=" " ind2=" ">
    <subfield code="c">BK</subfield>
  </datafield>
  <datafield tag="952" ind1=" " ind2=" ">
    <subfield code="0">0</subfield>
    <subfield code="1">0</subfield>
    <subfield code="4">0</subfield>
    <subfield code="7">0</subfield>
    <subfield code="8">C</subfield>
    <subfield code="a">MCL</subfield>
    <subfield code="b">MCL</subfield>
    <subfield code="d">0000-00-00</subfield>
    <subfield code="g">225.00</subfield>
    <subfield code="i">KBD/2016-2017/959342808</subfield>
    <subfield code="l">0</subfield>
    <subfield code="o">543.62 HE-X</subfield>
    <subfield code="p">34701</subfield>
    <subfield code="r">2023-08-17 14:05:21</subfield>
    <subfield code="w">2023-08-17</subfield>
    <subfield code="y">BK</subfield>
  </datafield>
  <datafield tag="952" ind1=" " ind2=" ">
    <subfield code="0">0</subfield>
    <subfield code="1">0</subfield>
    <subfield code="4">0</subfield>
    <subfield code="7">0</subfield>
    <subfield code="8">C</subfield>
    <subfield code="a">MCL</subfield>
    <subfield code="b">MCL</subfield>
    <subfield code="d">0000-00-00</subfield>
    <subfield code="g">225.00</subfield>
    <subfield code="i">KBD/2016-2017/959342808</subfield>
    <subfield code="l">0</subfield>
    <subfield code="o">543.62 HE-X</subfield>
    <subfield code="p">34702</subfield>
    <subfield code="r">2023-08-17 14:57:07</subfield>
    <subfield code="w">2023-08-17</subfield>
    <subfield code="y">BK</subfield>
  </datafield>
  <datafield tag="952" ind1=" " ind2=" ">
    <subfield code="0">0</subfield>
    <subfield code="1">0</subfield>
    <subfield code="4">0</subfield>
    <subfield code="7">0</subfield>
    <subfield code="8">C</subfield>
    <subfield code="a">MCL</subfield>
    <subfield code="b">MCL</subfield>
    <subfield code="d">0000-00-00</subfield>
    <subfield code="g">225.00</subfield>
    <subfield code="i">KBD/2016-2017/959342808</subfield>
    <subfield code="l">0</subfield>
    <subfield code="o">543.62 HE-X</subfield>
    <subfield code="p">34703</subfield>
    <subfield code="r">2023-08-17 14:57:07</subfield>
    <subfield code="w">2023-08-17</subfield>
    <subfield code="y">BK</subfield>
  </datafield>
  <datafield tag="952" ind1=" " ind2=" ">
    <subfield code="0">0</subfield>
    <subfield code="1">0</subfield>
    <subfield code="4">0</subfield>
    <subfield code="7">0</subfield>
    <subfield code="8">C</subfield>
    <subfield code="a">MCL</subfield>
    <subfield code="b">MCL</subfield>
    <subfield code="d">0000-00-00</subfield>
    <subfield code="g">225.00</subfield>
    <subfield code="i">KBD/2016-2017/959342808</subfield>
    <subfield code="l">0</subfield>
    <subfield code="o">543.62 HE-X</subfield>
    <subfield code="p">34704</subfield>
    <subfield code="r">2023-08-17 14:57:07</subfield>
    <subfield code="w">2023-08-17</subfield>
    <subfield code="y">BK</subfield>
  </datafield>
  <datafield tag="999" ind1=" " ind2=" ">
    <subfield code="c">6180</subfield>
    <subfield code="d">6180</subfield>
  </datafield>
</record>
